New Europe : imagined spaces

Αποθηκεύτηκε σε:
Λεπτομέρειες βιβλιογραφικής εγγραφής
Κύριος συγγραφέας: McNeill, Donald 1969-
Μορφή: Βιβλίο
Γλώσσα:English
Δημοσίευση: London : Arnold, 2004
Θέματα:
Ετικέτες: Προσθήκη ετικέτας
Δεν υπάρχουν, Καταχωρήστε ετικέτα πρώτοι!

MARC

LEADER 00000nam a2200000 i 4500
001 1/47720
008 070706s2004 eng d
020 |a 978-0-340-76055-0 
035 |l 10088716 
040 |a GR-MY-UA  |b gre  |e aacr 
041 0 |a eng 
082 0 |a 304.2094  |2 (22) 
100 1 |a McNeill, Donald  |d 1969- 
245 1 0 |a New Europe :  |b imagined spaces /  |c Donald McNeill 
260 |a London :   |b Arnold,   |c 2004 
300 |a x, 206 σ.;  |b εικ., χάρτες;  |c 24 εκ. 
500 |a Αποκλειστικός αντιπρόσωπος στις Η.Π.Α. το Oxford University Press 
504 |a Περιέχει βιβλιογραφία (σ. 182-196) και ευρετήριο 
650 0 0 |a Human geography  |z Europe. 
650 0 0 |a Political culture  |z Europe. 
651 0 |a Europe  |x Civilization  |y 1945- 
852 |a INST  |b LESVOS  |e 20070706  |h 304.2094 MCN  |p 005100037931  |q 005100037931  |t BK  |y 0 
901 |a BIBL1-2007-2 
909 |a Λ  |b 135621 
922 |a 1ΕΛΗ  |b 200706  |c ΕΠΕΑΕΚ2/ΤΚΑ  |d ΠΑΠΑΣΩΤΗΡΙΟΥ 
970 |a ΚΑΡΑ  |b ΓΙΑΣΕΜΗ  |z 2007/07/06